<?xml version="1.0" encoding="UTF-8"?>
<record
    xmlns:xsi="http://www.w3.org/2001/XMLSchema-instance"
    xsi:schemaLocation="http://www.loc.gov/MARC21/slim http://www.loc.gov/standards/marcxml/schema/MARC21slim.xsd"
    xmlns="http://www.loc.gov/MARC21/slim">

  <leader>02645cam a2200337 i 4500</leader>
  <controlfield tag="003">OSt</controlfield>
  <controlfield tag="005">20250828061332.0</controlfield>
  <controlfield tag="008">250824q19001999ts     g      000 0 ara c</controlfield>
  <datafield tag="024" ind1="0" ind2=" ">
    <subfield code="a">00000000969327</subfield>
  </datafield>
  <datafield tag="040" ind1=" " ind2=" ">
    <subfield code="a">AE-DuMBRL</subfield>
    <subfield code="b">ara</subfield>
    <subfield code="c">SA-RiAUC</subfield>
    <subfield code="e">rda</subfield>
  </datafield>
  <datafield tag="043" ind1=" " ind2=" ">
    <subfield code="a">a-su---</subfield>
  </datafield>
  <datafield tag="050" ind1=" " ind2="4">
    <subfield code="b">M36 1900z</subfield>
  </datafield>
  <datafield tag="082" ind1="0" ind2="4">
    <subfield code="a">215.2</subfield>
    <subfield code="q">SA-RiAUC</subfield>
  </datafield>
  <datafield tag="090" ind1=" " ind2=" ">
    <subfield code="a">215.2</subfield>
    <subfield code="b">&#x645; &#x645; &#x62F;</subfield>
  </datafield>
  <datafield tag="100" ind1="1" ind2=" ">
    <subfield code="a">&#x645;&#x645;&#x62F;&#x648;&#x62D;&#x60C; &#x645;&#x62D;&#x645;&#x648;&#x62F; &#x633;&#x639;&#x64A;&#x62F; &#x645;&#x62D;&#x645;&#x62F;</subfield>
    <subfield code="e">&#x645;&#x624;&#x644;&#x641;.</subfield>
  </datafield>
  <datafield tag="245" ind1="1" ind2="2">
    <subfield code="a">&#x627;&#x644;&#x625;&#x639;&#x644;&#x627;&#x645; &#x628;&#x627;&#x633;&#x62A;&#x62D;&#x628;&#x627;&#x628; &#x634;&#x62F; &#x627;&#x644;&#x631;&#x62D;&#x644; &#x644;&#x632;&#x64A;&#x627;&#x631;&#x629; &#x642;&#x628;&#x631; &#x62E;&#x64A;&#x631; &#x627;&#x644;&#x623;&#x646;&#x627;&#x645; &#x639;&#x644;&#x64A;&#x647; &#x627;&#x644;&#x635;&#x644;&#x627;&#x629; &#x648;&#x627;&#x644;&#x633;&#x644;&#x627;&#x645; /</subfield>
    <subfield code="c">&#x628;&#x642;&#x644;&#x645; &#x645;&#x62D;&#x645;&#x648;&#x62F; &#x633;&#x639;&#x64A;&#x62F; &#x645;&#x645;&#x62F;&#x648;&#x62D; &#x61B; &#x642;&#x62F;&#x645; &#x644;&#x647; &#x641;&#x636;&#x64A;&#x644;&#x629; &#x627;&#x644;&#x634;&#x64A;&#x62E; &#x639;&#x64A;&#x633;&#x649; &#x628;&#x646; &#x639;&#x628;&#x62F; &#x627;&#x644;&#x644;&#x647; &#x628;&#x646; &#x645;&#x627;&#x646;&#x639; &#x627;&#x644;&#x62D;&#x645;&#x64A;&#x631;&#x64A;.</subfield>
  </datafield>
  <datafield tag="250" ind1=" " ind2=" ">
    <subfield code="a">&#x627;&#x644;&#x637;&#x628;&#x639;&#x629; &#x627;&#x644;&#x623;&#x648;&#x644;&#x649;.</subfield>
  </datafield>
  <datafield tag="264" ind1=" " ind2="1">
    <subfield code="a">[&#x645;&#x643;&#x627;&#x646; &#x627;&#x644;&#x646;&#x634;&#x631; &#x63A;&#x64A;&#x631; &#x645;&#x62D;&#x62F;&#x62F;] :</subfield>
    <subfield code="b">[&#x627;&#x644;&#x646;&#x627;&#x634;&#x631; &#x63A;&#x64A;&#x631; &#x645;&#x62D;&#x62F;&#x62F;]&#x60C;</subfield>
    <subfield code="c">[&#x628;&#x64A;&#x646; 1900 &#x648;1999]</subfield>
  </datafield>
  <datafield tag="264" ind1=" " ind2="3">
    <subfield code="a">&#x62F;&#x628;&#x64A; [&#x627;&#x644;&#x625;&#x645;&#x627;&#x631;&#x627;&#x62A; &#x627;&#x644;&#x639;&#x631;&#x628;&#x64A;&#x629; &#x627;&#x644;&#x645;&#x62A;&#x62D;&#x62F;&#x629;] :</subfield>
    <subfield code="b">&#x645;&#x637;&#x627;&#x628;&#x639; &#x627;&#x644;&#x628;&#x64A;&#x627;&#x646; &#x627;&#x644;&#x62A;&#x62C;&#x627;&#x631;&#x64A;&#x629;</subfield>
  </datafield>
  <datafield tag="300" ind1=" " ind2=" ">
    <subfield code="a">43 &#x635;&#x641;&#x62D;&#x629; &#x61B;</subfield>
    <subfield code="c">21 &#xD7; 14 &#x633;&#x645;</subfield>
  </datafield>
  <datafield tag="336" ind1=" " ind2=" ">
    <subfield code="a">&#x646;&#x635;</subfield>
    <subfield code="b">txt</subfield>
    <subfield code="2">rdacontent</subfield>
    <subfield code="3">&#x643;&#x62A;&#x627;&#x628;</subfield>
  </datafield>
  <datafield tag="337" ind1=" " ind2=" ">
    <subfield code="a">&#x628;&#x62F;&#x648;&#x646; &#x648;&#x633;&#x64A;&#x637;</subfield>
    <subfield code="b">n</subfield>
    <subfield code="2">rdamedia</subfield>
  </datafield>
  <datafield tag="338" ind1=" " ind2=" ">
    <subfield code="a">&#x645;&#x62C;&#x644;&#x62F;</subfield>
    <subfield code="b">nc</subfield>
    <subfield code="2">rdacarrier</subfield>
  </datafield>
  <datafield tag="520" ind1=" " ind2=" ">
    <subfield code="a">&#x64A;&#x62A;&#x646;&#x627;&#x648;&#x644; &#x643;&#x62A;&#x627;&#x628; (&#x627;&#x644;&#x625;&#x639;&#x644;&#x627;&#x645; &#x628;&#x627;&#x633;&#x62A;&#x62D;&#x628;&#x627;&#x628; &#x634;&#x62F; &#x627;&#x644;&#x631;&#x62D;&#x644; &#x644;&#x632;&#x64A;&#x627;&#x631;&#x629; &#x642;&#x628;&#x631; &#x62E;&#x64A;&#x631; &#x627;&#x644;&#x623;&#x646;&#x627;&#x645; &#x639;&#x644;&#x64A;&#x647; &#x627;&#x644;&#x635;&#x644;&#x627;&#x629; &#x648;&#x627;&#x644;&#x633;&#x644;&#x627;&#x645;) &#x648;&#x627;&#x644;&#x630;&#x64A; &#x642;&#x627;&#x645; &#x628;&#x62A;&#x623;&#x644;&#x64A;&#x641;&#x647; &#x645;&#x62D;&#x645;&#x648;&#x62F; &#x633;&#x639;&#x64A;&#x62F; &#x645;&#x645;&#x62F;&#x648;&#x62D;&#x60C; &#x645;&#x648;&#x636;&#x648;&#x639; (&#x634;&#x62F; &#x627;&#x644;&#x631;&#x62D;&#x644; &#x644;&#x632;&#x64A;&#x627;&#x631;&#x629; &#x642;&#x628;&#x631; &#x62E;&#x64A;&#x631; &#x627;&#x644;&#x623;&#x646;&#x627;&#x645;) &#x627;&#x644;&#x643;&#x62A;&#x627;&#x628; &#x631;&#x633;&#x627;&#x644;&#x629; &#x62C;&#x644;&#x64A;&#x644;&#x629; &#x62C;&#x645;&#x639; &#x641;&#x64A;&#x647;&#x627; &#x627;&#x644;&#x645;&#x624;&#x644;&#x641; &#x62E;&#x644;&#x627;&#x635;&#x629; &#x645;&#x627; &#x642;&#x64A;&#x644; &#x641;&#x64A; &#x647;&#x630;&#x627; &#x627;&#x644;&#x645;&#x642;&#x627;&#x645;&#x60C; &#x644;&#x64A;&#x631;&#x636;&#x64A; &#x62D;&#x628;&#x64A;&#x628;&#x647; &#x631;&#x633;&#x648;&#x644; &#x627;&#x644;&#x644;&#x647; &#x635;&#x644;&#x649; &#x627;&#x644;&#x644;&#x647; &#x639;&#x644;&#x64A;&#x647; &#x648;&#x633;&#x644;&#x645;&#x60C; &#x648;&#x64A;&#x634;&#x641;&#x649; &#x628;&#x647;&#x627; &#x642;&#x644;&#x648;&#x628; &#x642;&#x648;&#x645; &#x645;&#x624;&#x645;&#x646;&#x64A;&#x646;&#x60C; &#x628;&#x627;&#x644;&#x62D;&#x62C;&#x629; &#x627;&#x627;&#x644;&#x62F;&#x627;&#x645;&#x63A;&#x629; &#x648;&#x627;&#x644;&#x628;&#x631;&#x627;&#x647;&#x64A;&#x646; &#x627;&#x644;&#x633;&#x627;&#x637;&#x639;&#x629;. &#x644;&#x64A;&#x624;&#x643;&#x62F; &#x639;&#x644;&#x649; &#x623;&#x646;&#x647; &#x644;&#x627; &#x645;&#x627;&#x646;&#x639; &#x648;&#x644;&#x627; &#x62D;&#x627;&#x626;&#x644; &#x639;&#x646; &#x634;&#x62F; &#x627;&#x644;&#x631;&#x62D;&#x627;&#x644; &#x644;&#x632;&#x64A;&#x627;&#x631;&#x62A;&#x647; &#x648;&#x647;&#x648; &#x627;&#x644;&#x642;&#x627;&#x626;&#x644; &#x641;&#x64A; &#x62D;&#x62F;&#x64A;&#x62B; &#x634;&#x62F; &#x627;&#x644;&#x631;&#x62D;&#x627;&#x644; &#x648; "&#x645;&#x633;&#x62C;&#x62F;&#x64A;"&#x60C; &#x648;&#x646;&#x633;&#x628;&#x629; &#x627;&#x644;&#x645;&#x633;&#x62C;&#x62F; &#x625;&#x644;&#x64A;&#x647; &#x62F;&#x644;&#x64A;&#x644; &#x639;&#x644;&#x649; &#x623;&#x646; &#x641;&#x636;&#x644; &#x627;&#x644;&#x645;&#x633;&#x62C;&#x62F; &#x645;&#x646; &#x62C;&#x648;&#x627;&#x631;&#x647;&#x60C; &#x643;&#x645;&#x627; &#x623;&#x646; &#x627;&#x644;&#x645;&#x633;&#x62C;&#x62F; &#x627;&#x644;&#x62D;&#x631;&#x627;&#x645; &#x634;&#x631;&#x641; &#x628;&#x647; &#x648;&#x628;&#x627;&#x644;&#x623;&#x646;&#x628;&#x64A;&#x627;&#x621; &#x642;&#x628;&#x644;&#x647; &#x639;&#x644;&#x64A;&#x647;&#x645; &#x627;&#x644;&#x633;&#x644;&#x627;&#x645;&#x60C; &#x648;&#x628;&#x623;&#x646; &#x62A;&#x631;&#x628;&#x62A;&#x647; &#x645;&#x646;&#x647; &#x641;&#x641;&#x627;&#x632; &#x627;&#x644;&#x62D;&#x631;&#x645; &#x628;&#x632;&#x64A;&#x627;&#x62F;&#x629; &#x627;&#x644;&#x623;&#x62C;&#x631; &#x639;&#x645;&#x627; &#x633;&#x648;&#x627;&#x647; . </subfield>
  </datafield>
  <datafield tag="650" ind1=" " ind2="7">
    <subfield code="a">&#x627;&#x644;&#x645;&#x642;&#x627;&#x628;&#x631;</subfield>
    <subfield code="x">&#x632;&#x64A;&#x627;&#x631;&#x629;</subfield>
    <subfield code="2">aucsh</subfield>
  </datafield>
  <datafield tag="650" ind1=" " ind2="7">
    <subfield code="a">&#x632;&#x64A;&#x627;&#x631;&#x629; &#x627;&#x644;&#x645;&#x62F;&#x64A;&#x646;&#x629; &#x627;&#x644;&#x645;&#x646;&#x648;&#x631;&#x629;</subfield>
    <subfield code="2">aucsh</subfield>
  </datafield>
  <datafield tag="700" ind1="1" ind2=" ">
    <subfield code="a">&#x627;&#x644;&#x62D;&#x645;&#x64A;&#x631;&#x64A;&#x60C; &#x639;&#x64A;&#x633;&#x649; &#x628;&#x646; &#x639;&#x628;&#x62F; &#x627;&#x644;&#x644;&#x647; &#x628;&#x646; &#x645;&#x62D;&#x645;&#x62F; &#x628;&#x646; &#x645;&#x627;&#x646;&#x639;&#x60C;</subfield>
    <subfield code="d">1954-</subfield>
    <subfield code="e">&#x645;&#x642;&#x62F;&#x645;.</subfield>
  </datafield>
  <datafield tag="942" ind1=" " ind2=" ">
    <subfield code="2">ddc</subfield>
    <subfield code="c">BOOK</subfield>
    <subfield code="n">0</subfield>
  </datafield>
  <datafield tag="949" ind1=" " ind2=" ">
    <subfield code="a">SA-JeALM</subfield>
    <subfield code="d">250824</subfield>
    <subfield code="u">mohamedma123</subfield>
    <subfield code="n">1</subfield>
  </datafield>
  <datafield tag="952" ind1=" " ind2=" ">
    <subfield code="0">0</subfield>
    <subfield code="1">0</subfield>
    <subfield code="2">ddc</subfield>
    <subfield code="4">0</subfield>
    <subfield code="7">0</subfield>
    <subfield code="a">WAHAB</subfield>
    <subfield code="b">WAHAB</subfield>
    <subfield code="d">2025-08-28</subfield>
    <subfield code="l">0</subfield>
    <subfield code="o">215.2  &#x645; &#x645; &#x62F;</subfield>
    <subfield code="p">000018213</subfield>
    <subfield code="r">2025-08-28 06:14:12</subfield>
    <subfield code="w">2025-08-28</subfield>
    <subfield code="y">BOOK</subfield>
  </datafield>
  <datafield tag="999" ind1=" " ind2=" ">
    <subfield code="c">11226</subfield>
    <subfield code="d">11226</subfield>
  </datafield>
</record>
